[Event "Estadilla op 31st rapid"]
[Site "Estadilla"]
[Date "2017.05.21"]
[Round "7"]
[White "Colas Longares, Rafael P"]
[Black "Gines Esteo, Pedro Antonio"]
[Result "1/2-1/2"]
[WhiteElo "2333"]
[BlackElo "2255"]
[PlyCount "135"]
[EventDate "2017.05.21"]
[EventType "swiss (rapid)"]
[EventRounds "9"]
[EventCountry "ESP"]
[SourceTitle "EXT 2019"]
[Source "ChessBase"]
[SourceDate "2018.10.10"]
[SourceVersion "1"]
[SourceVersionDate "2018.10.10"]
[SourceQuality "1"]

1. e4 c6 2. d4 d5 3. Nc3 dxe4 4. Nxe4 Bf5 5. Ng3 Bg6 6. Bc4 e6 7. N1e2 Bd6 8. 0-0 Nd7 9. Bf4 Nb6 10. Bb3 Bxf4 11. Nxf4 Qc7 12. Nfh5 0-0-0 13. c3 Nf6 14. Qf3 Nxh5 15. Nxh5 Bxh5 16. Qxh5 g6 17. Qh6 Nd5 18. g3 Ne7 19. Rfe1 Nf5 20. Qg5 h6 21. Qf6 Qe7 22. Qxe7 Nxe7 23. Re3 Nf5 24. Re5 h5 25. h4 Rd6 26. Rae1 Rhd8 27. Bc2 Ne7 28. Kg2 Rd5 29. R5e3 c5 30. dxc5 Rxc5 31. Be4 Nf5 32. R3e2 Nd6 33. Bc2 Nc4 34. Bb3 b5 35. Rd1 Rxd1 36. Bxd1 Kc7 37. Bb3 Na5 38. Bc2 Rd5 39. Kf1 Nc4 40. Bb3 Nd2+ 41. Ke1 Nf3+ 42. Kf1 Nd2+ 43. Ke1 Nxb3 44. axb3 Kc6 45. b4 Rd3 46. Re5 Rd5 47. Re4 a6 48. Ke2 Kd6 49. b3 Re5 50. Rxe5 Kxe5 51. c4 Kd4 52. c5 Kd5 53. Kd3 e5 54. Ke3 f5 55. f3 Kc6 56. Kd3 Kd5 57. Ke3 Kc6 58. Ke2 Kd5 59. Kd2 Kc6 60. Kc3 Kd5 61. Kd3 Kc6 62. Ke3 Kd5 63. Kd3 Kc6 64. Ke3 Kd5 65. Kd3 Kc6 66. Ke3 Kd5 67. Kd3 Kc6 68. Ke3 1/2-1/2

[Event "Aragon-chT Honor Descenso"]
[Site "Aragon"]
[Date "2015.03.28"]
[Round "10.13"]
[White "Salamero Pelay, Fernando"]
[Black "Colas Longares, Rafael P"]
[Result "0-1"]
[WhiteElo "2164"]
[BlackElo "2270"]
[PlyCount "96"]
[EventDate "2015.02.21"]
[EventType "team-tourn"]
[EventRounds "10"]
[EventCountry "ESP"]
[SourceTitle "EXT 2017"]
[Source "ChessBase"]
[SourceDate "2016.10.25"]
[SourceVersion "1"]
[SourceVersionDate "2016.10.25"]
[SourceQuality "1"]
[WhiteTeam "Huesca Club Atletismo"]
[BlackTeam "Caissa"]
[WhiteTeamCountry "ESP"]
[BlackTeamCountry "ESP"]

1. e4 e5 2. Nf3 Nc6 3. Bb5 g6 4. d4 exd4 5. Bg5 Be7 6. Bxe7 Qxe7 7. 0-0 Nf6 8. Bxc6 dxc6 9. Qxd4 0-0 10. e5 Nd5 11. Nbd2 Bf5 12. Rac1 Rfd8 13. Ne4 b6 14. Rfe1 c5 15. Qd2 Bxe4 16. Rxe4 Nb4 17. Qh6 Qf8 18. Qh3 f5 19. exf6 Qxf6 20. Rce1 Nxc2 21. Ng5 Qxg5 22. Qb3+ Kh8 23. Qxc2 Rd7 24. Qc3+ Kg8 25. Re5 Qf6 26. Qc4+ Qf7 27. Qe4 Rf8 28. f3 Qxa2 29. Re2 Qb3 30. Re8 Qd1+ 31. Kf2 Qd4+ 32. Kg3 Qxe4 33. R8xe4 a5 34. h4 Rf5 35. Re8+ Kg7 36. R2e6 Rf8 37. Rxf8 Kxf8 38. h5 Rd6 39. Re5 gxh5 40. Rxh5 a4 41. Rxh7 Rd2 42. Rxc7 Rxb2 43. Ra7 b5 44. Ra5 c4 45. Kf4 c3 46. Ke3 b4 47. Rxa4 c2 48. Kd2 b3 0-1

[Event "Aragon-chT Preferente-A"]
[Site "Spain"]
[Date "2011.04.02"]
[Round "9.1"]
[White "Garcia Lainez, Jose Enrique"]
[Black "Colas Longares, Rafael P"]
[Result "0-1"]
[WhiteElo "2116"]
[BlackElo "2302"]
[PlyCount "44"]
[EventDate "2011.02.05"]
[EventType "team-tourn"]
[EventRounds "9"]
[EventCountry "ESP"]
[SourceTitle "EXT 2013"]
[Source "ChessBase"]
[SourceDate "2012.11.22"]
[SourceVersion "1"]
[SourceVersionDate "2012.11.22"]
[SourceQuality "1"]
[WhiteTeam "Ciudad del Compromiso"]
[BlackTeam "Actur Rey Fernando"]
[WhiteTeamCountry "ESP"]
[BlackTeamCountry "ESP"]

1. e4 e5 2. f4 d5 3. exd5 exf4 4. Nf3 Bd6 5. Bb5+ c6 6. dxc6 Nxc6 7. d4 Nge7 8. 0-0 0-0 9. Nc3 Bg4 10. Ne2 Qc7 11. c4 Rad8 12. Kh1 Ng6 13. Qe1 Rfe8 14. c5 Bf8 15. Qf2 Be7 16. b3 Bf6 17. Bb2 Re7 18. Rad1 Nb4 19. Ne5 Bh5 20. Bc4 Nd5 21. Nxg6 hxg6 22. Bxd5 Rxe2 0-1

[Event "Aragon-chT Preferente-A"]
[Site "Spain"]
[Date "2011.03.05"]
[Round "5.1"]
[White "Antonano Fedz Quincoces, Avelino"]
[Black "Colas Longares, Rafael P"]
[Result "0-1"]
[WhiteElo "2144"]
[BlackElo "2302"]
[PlyCount "90"]
[EventDate "2011.02.05"]
[EventType "team-tourn"]
[EventRounds "9"]
[EventCountry "ESP"]
[SourceTitle "EXT 2013"]
[Source "ChessBase"]
[SourceDate "2012.11.22"]
[SourceVersion "1"]
[SourceVersionDate "2012.11.22"]
[SourceQuality "1"]
[WhiteTeam "St Casablanca III"]
[BlackTeam "Actur Rey Fernando"]
[WhiteTeamCountry "ESP"]
[BlackTeamCountry "ESP"]

1. Nf3 c5 2. e4 Nc6 3. d4 cxd4 4. Nxd4 e5 5. Nb5 a6 6. Nd6+ Bxd6 7. Qxd6 Qf6 8. Qd2 Nge7 9. Nc3 d6 10. Bc4 Be6 11. Nd5 Bxd5 12. exd5 Qh4 13. Bb3 Qe4+ 14. Kf1 Nd4 15. f3 Qf5 16. Kf2 0-0 17. c3 Nxb3 18. axb3 Rfc8 19. Rd1 Rc5 20. Qg5 Qxg5 21. Bxg5 f6 22. Bh4 Rxd5 23. Rxd5 Nxd5 24. Rd1 Ne7 25. g4 g5 26. Bg3 d5 27. Ke2 Kf7 28. Bf2 Ke6 29. h4 h6 30. hxg5 hxg5 31. Rh1 Rd8 32. Rh7 Rd7 33. Bc5 Ng6 34. Rh6 Nf4+ 35. Ke3 b6 36. Bxb6 d4+ 37. cxd4 Nd5+ 38. Ke4 Nxb6 39. dxe5 Nd5 40. f4 gxf4 41. g5 Rb7 42. Kd4 Rb4+ 43. Kc5 Kxe5 44. g6 Rxb3 45. Rh5+ Ke6 0-1

[Event "Aragon-chT Preferente-A"]
[Site "Spain"]
[Date "2011.02.12"]
[Round "2.1"]
[White "Colas Longares, Rafael P"]
[Black "Colom Sienes, Eduardo"]
[Result "1-0"]
[WhiteElo "2302"]
[BlackElo "2026"]
[PlyCount "51"]
[EventDate "2011.02.05"]
[EventType "team-tourn"]
[EventRounds "9"]
[EventCountry "ESP"]
[SourceTitle "EXT 2013"]
[Source "ChessBase"]
[SourceDate "2012.11.22"]
[SourceVersion "1"]
[SourceVersionDate "2012.11.22"]
[SourceQuality "1"]
[WhiteTeam "Actur Rey Fernando"]
[BlackTeam "Ramiro III"]
[WhiteTeamCountry "ESP"]
[BlackTeamCountry "ESP"]

1. g3 e5 2. Bg2 d5 3. d3 Nc6 4. Nf3 h6 5. c4 dxc4 6. Qa4 Bd7 7. Qxc4 Nf6 8. 0-0 Bd6 9. a3 0-0 10. b4 a6 11. Bb2 Be6 12. Qc2 Qd7 13. Re1 Bh3 14. Bh1 Ng4 15. Nbd2 f5 16. Rad1 Rae8 17. Nc4 e4 18. Nxd6 cxd6 19. Nd4 f4 20. dxe4 fxg3 21. Qb3+ Kh7 22. Qxg3 Nxf2 23. Nf5 Nxd1 24. Rxd1 Bxf5 25. exf5 Rxe2 26. Qg6+ 1-0

[Event "Balaguer op 14th"]
[Site "Balaguer"]
[Date "2009.07.14"]
[Round "2"]
[White "Haslinger, Stewart"]
[Black "Colas Longares, Rafael P"]
[Result "1-0"]
[WhiteElo "2538"]
[BlackElo "2307"]
[PlyCount "55"]
[EventDate "2009.07.13"]
[EventType "swiss"]
[EventRounds "10"]
[EventCountry "ESP"]
[SourceTitle "CBM 131 Extra"]
[Source "ChessBase"]
[SourceDate "2009.09.03"]
[SourceVersion "2"]
[SourceVersionDate "2009.09.16"]
[SourceQuality "1"]

1. e4 c5 2. Nf3 e6 3. Nc3 d6 4. d4 cxd4 5. Nxd4 Nc6 6. g4 Bd7 7. Nb3 a6 8. Be3 Qc7 9. f4 Nge7 10. Qd2 b5 11. Bxb5 Ng6 12. Be2 Be7 13. 0-0-0 0-0 14. h4 Rfc8 15. h5 Nf8 16. Kb1 Nb4 17. a3 Nc6 18. g5 Rcb8 19. h6 g6 20. f5 gxf5 21. exf5 d5 22. fxe6 fxe6 23. Bf4 Qb7 24. Bxb8 Rxb8 25. Bf3 Be8 26. Nxd5 exd5 27. Bxd5+ Bf7 28. Qc3 1-0

[Event "Aragon-chT"]
[Site "Aragon"]
[Date "2008.04.19"]
[Round "10"]
[White "Del Rey, Diego"]
[Black "Colas Longares, Rafael P"]
[Result "0-1"]
[WhiteElo "2382"]
[BlackElo "2328"]
[PlyCount "80"]
[EventDate "2008.02.02"]
[EventType "team-swiss"]
[EventRounds "12"]
[EventCountry "ESP"]
[SourceTitle "EXT 2011"]
[Source "ChessBase"]
[SourceDate "2010.11.26"]
[SourceVersion "1"]
[SourceVersionDate "2010.11.26"]
[SourceQuality "1"]

1. e4 c5 2. Nf3 d6 3. Bb5+ Nd7 4. 0-0 a6 5. Bxd7+ Bxd7 6. Re1 e5 7. d3 h6 8. c3 Be7 9. d4 Qc7 10. Na3 Nf6 11. dxe5 dxe5 12. Nc4 Ng4 13. a4 0-0 14. Nb6 Rad8 15. Nd5 Qd6 16. Nd2 Bh4 17. g3 Bf6 18. Nc4 Qe6 19. f4 exf4 20. gxf4 Nf2 21. Kxf2 Bh4+ 22. Kf1 Bxe1 23. Qxe1 f5 24. Ncb6 fxe4 25. Qg3 Be8 26. c4 Bh5 27. Be3 Qf7 28. Bxc5 Rfe8 29. Ra3 Bf3 30. Bg1 Re6 31. f5 Bh5 32. Ke1 Rc6 33. Re3 Rxc4 34. Nxc4 Rxd5 35. Nd6 Qc7 36. Rc3 Qd7 37. Rc8+ Kh7 38. Rd8 Qc7 39. Be3 Rd1+ 40. Kf2 Qc2+ 0-1

[Event "Aragon-chT"]
[Site "Aragon"]
[Date "2008.04.05"]
[Round "8"]
[White "Colas Longares, Rafael P"]
[Black "Del Rey, Diego"]
[Result "0-1"]
[WhiteElo "2328"]
[BlackElo "2382"]
[PlyCount "90"]
[EventDate "2008.02.02"]
[EventType "team-swiss"]
[EventRounds "12"]
[EventCountry "ESP"]
[SourceTitle "EXT 2011"]
[Source "ChessBase"]
[SourceDate "2010.11.26"]
[SourceVersion "1"]
[SourceVersionDate "2010.11.26"]
[SourceQuality "1"]

1. e4 c5 2. Nf3 e6 3. d3 Nc6 4. g3 g6 5. Bg2 Bg7 6. 0-0 Nge7 7. Re1 d6 8. c3 e5 9. a3 0-0 10. b4 h6 11. Nbd2 Be6 12. Nb3 cxb4 13. axb4 a6 14. Bb2 Qb6 15. Na5 Nxa5 16. Rxa5 f5 17. d4 fxe4 18. Rxe4 Nc6 19. Ra1 d5 20. Re3 e4 21. Nd2 a5 22. b5 Ne7 23. f3 Nf5 24. Re1 e3 25. Nf1 Qxb5 26. Qe2 Qb6 27. Nxe3 Nxe3 28. Qxe3 Rfe8 29. Qd2 Bf7 30. Reb1 Qe6 31. Bf1 Qf6 32. Ba3 b6 33. Kf2 Rac8 34. Re1 Rxe1 35. Rxe1 Qc6 36. Rc1 Re8 37. Qb2 Qe6 38. Qd2 Qc6 39. Qb2 Qe6 40. Qd2 Rc8 41. Ba6 Rc7 42. Qf4 Rc6 43. Bb7 Rc4 44. Re1 Bxd4+ 45. cxd4 Rc2+ 0-1

[Event "Balaguer op 12th"]
[Site "Balaguer"]
[Date "2007.07.20"]
[Round "5"]
[White "Aroshidze, Levan"]
[Black "Colas Longares, Rafael P"]
[Result "1-0"]
[WhiteElo "2470"]
[BlackElo "2280"]
[PlyCount "53"]
[EventDate "2007.07.16"]
[EventType "swiss"]
[EventRounds "10"]
[EventCountry "ESP"]
[SourceTitle "CBM 119 Extra"]
[Source "ChessBase"]
[SourceDate "2007.09.04"]
[SourceVersion "1"]
[SourceVersionDate "2007.09.04"]
[SourceQuality "1"]

1. e4 e5 2. Nf3 Nc6 3. Bb5 d6 4. d4 Bd7 5. 0-0 exd4 6. Bxc6 bxc6 7. Qxd4 f6 8. c4 c5 9. Qe3 Ne7 10. Nc3 Ng6 11. Nd5 Be7 12. Bd2 0-0 13. Ba5 Rc8 14. Rfe1 Re8 15. Qb3 Bc6 16. Rad1 Bf8 17. Qc2 Qd7 18. Bc3 Qf7 19. Nd2 Bd7 20. Ne3 Ne7 21. f4 g6 22. f5 gxf5 23. exf5 Bh6 24. Ng4 Bg7 25. Rf1 d5 26. Bxf6 Nxf5 27. Rxf5 1-0

[Event "Balaguer op 12th"]
[Site "Balaguer"]
[Date "2007.07.18"]
[Round "3"]
[White "Gutierrez Martos, Ferran"]
[Black "Colas Longares, Rafael P"]
[Result "0-1"]
[WhiteElo "2001"]
[BlackElo "2280"]
[PlyCount "120"]
[EventDate "2007.07.16"]
[EventType "swiss"]
[EventRounds "10"]
[EventCountry "ESP"]
[SourceTitle "CBM 119 Extra"]
[Source "ChessBase"]
[SourceDate "2007.09.04"]
[SourceVersion "1"]
[SourceVersionDate "2007.09.04"]
[SourceQuality "1"]

1. d4 c5 2. d5 e5 3. e4 d6 4. f4 exf4 5. Bxf4 Qh4+ 6. g3 Qe7 7. Nc3 g5 8. Be3 Bg7 9. Qd2 h6 10. Be2 Nf6 11. 0-0-0 Nbd7 12. Bd3 Ne5 13. Bb5+ Bd7 14. Bxd7+ Qxd7 15. Qe2 0-0 16. Nf3 Rfe8 17. h4 Nxf3 18. Qxf3 g4 19. Qg2 b5 20. e5 Rxe5 21. Bf4 Re7 22. Rdf1 b4 23. Nd1 Rae8 24. Qd2 Re2 25. Qd3 R2e4 26. Qa6 Nxd5 27. Qxd6 Qe6 28. Qxe6 R4xe6 29. h5 Nxf4 30. Rxf4 Re4 31. Rhf1 Rxf4 32. Rxf4 Re5 33. Nf2 Rxh5 34. Nxg4 Rh1+ 35. Kd2 Bxb2 36. Rf5 Bd4 37. Ne5 Bxe5 38. Rxe5 c4 39. Rb5 Rh2+ 40. Kd1 Rh1+ 41. Kd2 c3+ 42. Kd3 Rd1+ 43. Kc4 Rd2 44. Kb3 Rg2 45. Rxb4 Rxg3 46. Ra4 h5 47. Rxa7 Kg7 48. Rd7 h4 49. Rd4 h3 50. Rh4 Kg6 51. a4 Kg5 52. Rh7 Kg4 53. Rg7+ Kf3 54. Rxf7+ Kg2 55. Rh7 h2 56. a5 Rh3 57. Rg7+ Kf2 58. Rf7+ Ke2 59. Re7+ Kd2 60. Rd7+ Kc1 0-1

[Event "Aragon-chT Autonomico"]
[Site "Aragon"]
[Date "2007.03.24"]
[Round "9"]
[White "Colas Longares, Rafael P"]
[Black "Hernando Garcia, Antonio"]
[Result "1-0"]
[WhiteElo "2346"]
[BlackElo "2209"]
[PlyCount "53"]
[EventDate "2007.01.27"]
[EventType "team"]
[EventRounds "9"]
[EventCountry "ESP"]
[SourceTitle "EXT 2008"]
[Source "ChessBase"]
[SourceDate "2007.11.25"]
[SourceVersion "1"]
[SourceVersionDate "2007.11.25"]
[SourceQuality "1"]
[WhiteTeam "Tamarite"]
[BlackTeam "CAI Olivar II"]
[WhiteTeamCountry "ESP"]
[BlackTeamCountry "ESP"]

1. e4 d5 2. exd5 Qxd5 3. Nc3 Qd8 4. d4 c6 5. Ne4 Nd7 6. Ng5 Ngf6 7. Bd3 e6 8. N1f3 Be7 9. Qe2 0-0 10. Be3 Bd6 11. 0-0-0 Qc7 12. Kb1 Re8 13. Rhe1 h6 14. h4 hxg5 15. hxg5 Nd5 16. Rh1 b6 17. g6 f6 18. Rh7 Nxe3 19. fxe3 Bb7 20. Ng5 Kf8 21. Qh5 Ke7 22. Nxe6 Kxe6 23. Rxg7 Be7 24. Qf5+ Kd6 25. Qf4+ Ne5 26. dxe5+ fxe5 27. Be2+ 1-0

[Event "Aragon-chT Autonomico"]
[Site "Aragon"]
[Date "2007.03.03"]
[Round "6"]
[White "Llorente Zaro, Alfonso"]
[Black "Colas Longares, Rafael P"]
[Result "1-0"]
[WhiteElo "2353"]
[BlackElo "2346"]
[PlyCount "145"]
[EventDate "2007.01.27"]
[EventType "team"]
[EventRounds "9"]
[EventCountry "ESP"]
[SourceTitle "EXT 2008"]
[Source "ChessBase"]
[SourceDate "2007.11.25"]
[SourceVersion "1"]
[SourceVersionDate "2007.11.25"]
[SourceQuality "1"]
[WhiteTeam "Agrupacion"]
[BlackTeam "Tamarite"]
[WhiteTeamCountry "ESP"]
[BlackTeamCountry "ESP"]

1. d4 d5 2. c4 Nc6 3. Nc3 dxc4 4. d5 Ne5 5. Qd4 Ng6 6. Qxc4 a6 7. Qb3 Rb8 8. e4 b5 9. Nf3 e5 10. a4 b4 11. Bc4 Bd6 12. Ne2 Nf6 13. Qd3 0-0 14. Bg5 Ra8 15. h4 Re8 16. h5 Nf8 17. Ng3 h6 18. Bd2 N8d7 19. Nh4 Nb6 20. Bb3 a5 21. Ngf5 Kh8 22. Qe3 Nh7 23. Rh3 Ng5 24. Rg3 Rg8 25. Nf3 f6 26. N5h4 Nd7 27. Rc1 Nf8 28. Bc4 Qe8 29. Bb5 Qxh5 30. Bc6 Nxf3+ 31. Nxf3 Qh1+ 32. Ke2 Ba6+ 33. Bb5 Qh5 34. Bxa6 Rxa6 35. Rh3 Qg4 36. Rch1 Nh7 37. Qd3 Raa8 38. Rg3 Qd7 39. Nh4 Ng5 40. Bxg5 fxg5 41. Nf5 Bf8 42. b3 c6 43. Rxg5 Rd8 44. Qg3 Qf7 45. Qxe5 Kh7 46. Qe6 Qxe6 47. dxe6 Re8 48. e7 Bxe7 49. Nxe7 Rxe7 50. f3 Rd8 51. Rxa5 Red7 52. Rc5 Rd3 53. Rxc6 Rxb3 54. Rhc1 Ra8 55. R6c2 Rxa4 56. Kf2 Rd3 57. Rb2 Rda3 58. Rc4 Kg6 59. Rcxb4 Rxb4 60. Rxb4 Ra2+ 61. Kg3 Kf6 62. Rb6+ Kf7 63. Kh3 Rf2 64. Rb3 Re2 65. g3 Kf6 66. Kg4 Re1 67. Rb6+ Kf7 68. Kf5 Re3 69. Rb7+ Kg8 70. Kg6 Rxf3 71. Rb8+ Rf8 72. Rxf8+ Kxf8 73. g4 1-0